00000000nam##2200000za#4500
0019.612253
003CaOODSP
00520200401021022
007ta
008150406|1994||||xxc|||||     f|0| 0 eng|d
022 |a0706-6457
040 |aCaOODSP|beng
043 |an-cn---
0861 |aFs97-6/1965E
1101 |aCanada. |bDepartment of Fisheries and Oceans.
24510|aUndetected marks in hatchery escapement sampling of salmon, 1988, 1989, 1990 and 1992 / |cby C. L. Cross et al.
260 |aOttawa - Ontario : |bFisheries and Oceans Canada |c1994.
300 |avi, 50p. : |bfigs., references, tables ; |c28 cm.
4901 |aCanadian technical report of fisheries and aquatic sciences|x0706-6457|v1965
500 |aPrepared at the Salmonid Enhancement Program, Department of Fisheries and Oceans, Vancouver, British Columbia V6B 5G3.
546 |aRésumés en français
563 |aSoftcover
69007|aFish|2gcpds
7201 |aCross, C. L.
7760#|tUndetected marks in hatchery escapement sampling of salmon, 1988, 1989, 1990 and 1992 / |w(CaOODSP)9.573880
830#0|aCanadian technical report of fisheries and aquatic sciences,|x0706-6457|v1965|w(CaOODSP)9.514691